Diccionario español-italiano [e italiano español] / (Record no. 99545)

MARC details
000 -LEADER
campo de control de longitud fija 01062nam a2200265 i 4500
001 - NÚMERO DE CONTROL
campo de control 99545
003 - IDENTIFICADOR DE NÚMERO DE CONTROL
campo de control ES-MaACL
005 - FECHA Y HORA DE LA ÚLTIMA TRANSACCIÓN
campo de control 20250307092935.0
007 - CAMPO FIJO DE DESCRIPCIÓN FÍSICA--INFORMACIÓN GENERAL
campo de control de longitud fija t|
008 - DATOS DE LONGITUD FIJA--INFORMACIÓN GENERAL
campo de control de longitud fija 050913s1961 sp ||||1| spa d
100 1# - ENTRADA PRINCIPAL--NOMBRE DE PERSONA
Nombre de persona Martínez Amador, Emilio M.
9 (RLIN) 77852
245 10 - MENCIÓN DEL TÍTULO
Título Diccionario español-italiano [e italiano español] /
Mención de responsabilidad, etc. Emilio M. Martínez Amador; revisado y ampliado por David Ortega Cavero.
260 ## - PUBLICACIÓN, DISTRIBUCIÓN, ETC.
Lugar de publicación, distribución, etc. Barcelona :
Nombre del editor, distribuidor, etc. Ramón Sopena,
Fecha de publicación, distribución, etc. 1961.
300 ## - DESCRIPCIÓN FÍSICA
Extensión 2 v. ;
Dimensiones 22 cm.
650 #4 - PUNTO DE ACCESO ADICIONAL DE MATERIA--TÉRMINO DE MATERIA
Término de materia o nombre geográfico como elemento de entrada Lengua italiana-
Subdivisión de forma Diccionarios-
Subdivisión general Español.
9 (RLIN) 14287
650 #4 - PUNTO DE ACCESO ADICIONAL DE MATERIA--TÉRMINO DE MATERIA
Término de materia o nombre geográfico como elemento de entrada Lengua española-
Subdivisión de forma Diccionarios-
Subdivisión general Italiano.
9 (RLIN) 14143
700 1# - ENTRADA AGREGADA--NOMBRE PERSONAL
Nombre de persona Ortega Cavero, David.
9 (RLIN) 87447
852 4# - LOCALIZACIÓN
Ubicación ES-MaACL
Número de control de estantería G-16097
Ubicación en estantería Depósito 2
Designación de la unidad física v.1
Sublocalización o colección R.55090
Signatura antigua Olim: A-5457
itemnumber 201326
852 4# - LOCALIZACIÓN
Ubicación ES-MaACL
Número de control de estantería G-16098
itemnumber 103265
Ubicación en estantería Depósito 2
Designación de la unidad física v.2
Signatura antigua Olim: A-5458
Sublocalización o colección R.55090
852 4# - LOCALIZACIÓN
Ubicación ES-MaACL
Designación de la unidad física v.1
itemnumber 103266
Ubicación en estantería Depósito 2
Signatura antigua Olim: A-5459
Número de control de estantería G-16099
852 4# - LOCALIZACIÓN
Ubicación ES-MaACL
Ubicación en estantería Depósito 2
Designación de la unidad física v.2
itemnumber 201325
Signatura antigua Olim: A-5460
Número de control de estantería G-16100
942 ## - ELEMENTOS DE ENTRADA SECUNDARIOS (KOHA)
Fuente del sistema de clasificación o colocación Clasificación decimal universal
Tipo de ítem Koha Libro impreso
Suprimir en OPAC No
Holdings
Estatus retirado Estado de pérdida Fuente del sistema de clasificación o colocación Estado de daño No para préstamo Colección Biblioteca de origen Biblioteca actual Ubicación en estantería Fecha de adquisición Fuente de adquisición Enumeración/cronología de publicación seriada Total de préstamos Signatura topográfica completa Código de barras Visto por última vez Precio de reemplazo Tipo de ítem Koha
    Clasificación decimal universal     Colección de referencia Biblioteca del Ateneo de Madrid Biblioteca del Ateneo de Madrid Depósito 2 17/01/2008 Compra v.2   G-16098 1103941 23/02/2023 23/02/2023 Libro impreso
    Clasificación decimal universal     Colección de referencia Biblioteca del Ateneo de Madrid Biblioteca del Ateneo de Madrid Depósito 2 17/01/2008 Compra v.1   G-16099 1103940 23/02/2023 23/02/2023 Libro impreso
    Clasificación decimal universal     Colección de referencia Biblioteca del Ateneo de Madrid Biblioteca del Ateneo de Madrid Depósito 2 17/01/2008 Compra v.2   G-16100 101229400 16/02/2024 23/02/2023 Libro impreso
    Clasificación decimal universal     Colección de referencia Biblioteca del Ateneo de Madrid Biblioteca del Ateneo de Madrid Depósito 2 17/01/2008 Compra v.1   G-16097 101229399 16/02/2024 23/02/2023 Libro impreso